| 000 | 00919nam a22002657a 4500 | ||
|---|---|---|---|
| 999 |
_c29402 _d29373 |
||
| 003 | EG-ScBUE | ||
| 005 | 20210830100257.0 | ||
| 008 | 200219s2010 ua f 000 0 eng d | ||
| 020 | _a199342009 | ||
| 040 |
_aEG-ScBUE _beng _erda _cEG-ScBUE _dEG-ScBUE |
||
| 082 | 0 | 4 |
_a616.99449 _bBRE _222 |
| 245 | 0 | 0 |
_aBreast cancer / _cedited by Sherif Omar [and three others] ; foreword by Professor Hossam Kamel, president of Cairo University. |
| 250 | _aFifth edition. | ||
| 264 | 1 |
_aCairo : _bCairo University Press, _c2010. |
|
| 300 |
_a274 pages, 7 unnumbered paged ; _c30 cm |
||
| 336 |
_2rdacontent _atext _btxt |
||
| 337 |
_2rdamedia _aunmediated _bn |
||
| 338 |
_2rdacarrier _avolume _bnc |
||
| 650 | 7 |
_aBreast _xCancer. _2BUEsh |
|
| 653 |
_bGGEN _cAugust2021 |
||
| 655 |
_vReading book _934232 |
||
| 700 | 1 |
_aKamel, Hossam, _eauthor of introduction, etc. _910038 |
|
| 942 |
_2ddc _cBB |
||